[Event "Wch U18 Girls"]
[Site "Montesilvano"]
[Date "2023.11.18"]
[Round "6"]
[White "Swara, Lakshmi S Nair"]
[Black "Follana Albelda, Lucia"]
[Result "0-1"]
[WhiteElo "1659"]
[BlackElo "1946"]
[PlyCount "96"]
[EventDate "2023.11.13"]
[EventType "swiss"]
[EventRounds "11"]
[EventCountry "ITA"]
[SourceTitle "CB48_2023"]
[SourceDate "2023.11.29"]
[SourceVersion "1"]
[SourceVersionDate "2023.11.29"]
[SourceQuality "1"]

1. e4 c5 2. Nf3 d6 3. d4 cxd4 4. Nxd4 Nf6 5. Nc3 a6 6. Bg5 Nbd7 7. f4 Qc7 8. Qf3 b5 9. 0-0-0 Bb7 10. Bd3 g6 11. Rhe1 Bg7 12. Nd5 Nxd5 13. exd5 Nf6 14. Nc6 Bxc6 15. dxc6 d5 16. Qe3 0-0 17. Qxe7 Qxc6 18. f5 Rfe8 19. Qb4 Ne4 20. Bxe4 dxe4 21. Rd6 Qc7 22. Qd2 Qc4 23. Kb1 a5 24. f6 Bf8 25. Rd4 Qc6 26. Qf4 e3 27. Rxe3 Qxg2 28. Rd1 Rac8 29. c3 b4 30. Rxe8 Rxe8 31. Qg3 Qe4+ 32. Qd3 Qe5 33. h4 h6 34. Bd2 Qxf6 35. cxb4 axb4 36. Re1 Rd8 37. Qc2 Qxh4 38. Rg1 Qd4 39. Rg2 h5 40. Bg5 Ra8 41. Bc1 Bg7 42. Rd2 Qa7 43. b3 Qa6 44. Qd1 Kh7 45. Qf3 Ra7 46. Qe4 Qf6 47. Bb2 Qf1+ 48. Kc2 Rc7+ 0-1

[Event "Wch U18 Girls"]
[Site "Montesilvano"]
[Date "2023.11.14"]
[Round "2"]
[White "Swara, Lakshmi S Nair"]
[Black "Cornileau, Juliette"]
[Result "0-1"]
[WhiteElo "1659"]
[BlackElo "2089"]
[PlyCount "66"]
[EventDate "2023.11.13"]
[EventType "swiss"]
[EventRounds "11"]
[EventCountry "ITA"]
[SourceTitle "CB48_2023"]
[SourceDate "2023.11.29"]
[SourceVersion "1"]
[SourceVersionDate "2023.11.29"]
[SourceQuality "1"]

1. e4 c5 2. Nf3 Nc6 3. d4 cxd4 4. Nxd4 Nf6 5. Nc3 d6 6. Bg5 e6 7. Qd2 a6 8. 0-0-0 Bd7 9. f3 Nxd4 10. Qxd4 Be7 11. h4 h6 12. Be3 h5 13. Kb1 b5 14. Bg5 Qc7 15. Bd3 b4 16. Ne2 e5 17. Qf2 Be6 18. Rhe1 0-0 19. Nc1 a5 20. Qg3 Rfc8 21. f4 Bg4 22. Rd2 a4 23. fxe5 dxe5 24. Bf1 b3 25. cxb3 Nxe4 26. Qe3 Nxd2+ 27. Qxd2 Bxg5 28. hxg5 Bf5+ 29. Ka1 axb3 30. Nxb3 Rxa2+ 31. Kxa2 Ra8+ 32. Na5 Rxa5+ 33. Kb3 Be6+ 0-1

[Event "Asia-ch Blitz U20 Girls"]
[Site "Jamshedpur"]
[Date "2023.09.15"]
[Round "2"]
[White "Sanchita, Yadav"]
[Black "Swara, Lakshmi S Nair"]
[Result "0-1"]
[WhiteElo "1251"]
[BlackElo "1431"]
[PlyCount "166"]
[EventDate "2023.09.15"]
[EventType "swiss (blitz)"]
[EventRounds "9"]
[EventCountry "IND"]
[SourceTitle "EXT 2024"]
[Source "ChessBase"]
[SourceDate "2023.10.10"]
[SourceVersion "1"]
[SourceVersionDate "2023.10.10"]
[SourceQuality "1"]

1. e4 c5 2. c3 d5 3. exd5 Qxd5 4. d4 Nf6 5. Nf3 e6 6. Be3 cxd4 7. Qxd4 Nc6 8. Qxd5 Nxd5 9. Nd4 Nxe3 10. fxe3 Bd7 11. Be2 Bd6 12. Bf3 Rc8 13. Nd2 a6 14. Ne4 Bb8 15. Rd1 Ke7 16. Rf1 g6 17. Nc5 Nxd4 18. Rxd4 Bc6 19. Kf2 Rhd8 20. Bxc6 bxc6 21. Nxa6 Be5 22. Rxd8 Rxd8 23. Ke2 Ra8 24. Nb4 Bxh2 25. Rh1 Bd6 26. a3 Bxb4 27. cxb4 h5 28. Kd3 Kd6 29. Kc4 f5 30. Ra1 e5 31. a4 f4 32. exf4 exf4 33. a5 g5 34. b5 cxb5+ 35. Kxb5 Rb8+ 36. Kc4 Rxb2 37. Rd1+ Kc6 38. Rh1 Rc2+ 39. Kd4 Rxg2 40. Rxh5 Kb5 41. Ke4 Rg3 42. Kd4 Kxa5 43. Ke4 Kb5 44. Rh8 Kc5 45. Rd8 Rg1 46. Kf3 Kc4 47. Kf2 Rg3 48. Rd7 Rd3 49. Rg7 Rd5 50. Kf3 Kd4 51. Re7 Ra5 52. Re4+ Kd3 53. Re7 Kd2 54. Kf2 Ra3 55. Rd7+ Rd3 56. Rg7 Rg3 57. Rd7+ Kc3 58. Rd5 Kc4 59. Rd7 Rd3 60. Rg7 Rd5 61. Kf3 Kd4 62. Re7 Rb5 63. Rd7+ Ke5 64. Rg7 Kf6 65. Rc7 Rb3+ 66. Kf2 Kf5 67. Rf7+ Kg4 68. Rd7 Rb2+ 69. Kg1 Kg3 70. Kf1 f3 71. Ke1 f2+ 72. Kf1 Rb1+ 73. Ke2 f1Q+ 74. Ke3 Qf2+ 75. Ke4 Rb4+ 76. Ke5 Qf4+ 77. Ke6 Rb6+ 78. Ke7 Qe5+ 79. Kf8 Rf6+ 80. Rf7 Qd6+ 81. Kg7 Rg6+ 82. Kh8 Qd8+ 83. Kh7 Qg8# 0-1

[Event "Asia-ch Blitz U20 Girls"]
[Site "Jamshedpur"]
[Date "2023.09.15"]
[Round "8"]
[White "Swara, Lakshmi S Nair"]
[Black "Shubhi, Gupta"]
[Result "0-1"]
[WhiteElo "1431"]
[BlackElo "1715"]
[PlyCount "82"]
[EventDate "2023.09.15"]
[EventType "swiss (blitz)"]
[EventRounds "9"]
[EventCountry "IND"]
[SourceTitle "EXT 2024"]
[Source "ChessBase"]
[SourceDate "2023.10.10"]
[SourceVersion "1"]
[SourceVersionDate "2023.10.10"]
[SourceQuality "1"]

1. e4 e5 2. Nf3 Nc6 3. d4 exd4 4. Nxd4 Bc5 5. Nb3 Bb6 6. Nc3 Nf6 7. Qe2 d6 8. Bg5 h6 9. Be3 Be6 10. 0-0-0 Qe7 11. f3 0-0-0 12. Qf2 g5 13. Bb5 Ne5 14. Bxb6 axb6 15. Kb1 Kb8 16. Nd5 Nxd5 17. exd5 Bd7 18. Bxd7 Qxd7 19. Nd4 Qa4 20. b3 Qd7 21. Rhe1 Rhe8 22. Re3 Re7 23. Rde1 Rde8 24. Qd2 f5 25. c4 f4 26. Re4 c6 27. dxc6 bxc6 28. Qb4 Qc7 29. Qc3 Kb7 30. Nf5 Re6 31. Qd4 Qd7 32. Qd2 d5 33. cxd5 cxd5 34. R4e2 Nc6 35. Nd4 Nxd4 36. Rxe6 Nxe6 37. Re5 Nc7 38. Rxe8 Qxe8 39. Qd4 Qe1+ 40. Kb2 Qe2+ 41. Ka3 Nb5+ 0-1

[Event "Asia-ch U20 Girls"]
[Site "Jamshedpur"]
[Date "2023.09.10"]
[Round "3"]
[White "Swara, Lakshmi S Nair"]
[Black "Ahmed, Walijah"]
[Result "1-0"]
[WhiteElo "1601"]
[BlackElo "1936"]
[PlyCount "35"]
[EventDate "2023.09.09"]
[EventType "swiss"]
[EventRounds "9"]
[EventCountry "IND"]
[SourceTitle "EXT 2024"]
[Source "ChessBase"]
[SourceDate "2023.10.10"]
[SourceVersion "1"]
[SourceVersionDate "2023.10.10"]
[SourceQuality "1"]

1. e4 c5 2. Nf3 e6 3. d4 cxd4 4. Nxd4 Nc6 5. Nc3 Qc7 6. f4 a6 7. Nxc6 Qxc6 8. Bd3 b5 9. Qe2 Bb7 10. Bd2 Bc5 11. a4 bxa4 12. Rxa4 d6 13. b4 Bd4 14. b5 Qb6 15. bxa6 Bxc3 16. Bxc3 Nf6 17. Rb4 Qc5 18. Rc4 1-0

[Event "Asia-ch U20 Girls"]
[Site "Jamshedpur"]
[Date "2023.09.09"]
[Round "1"]
[White "Swara, Lakshmi S Nair"]
[Black "Mrudul, Dehankar"]
[Result "1-0"]
[WhiteElo "1601"]
[BlackElo "2059"]
[PlyCount "129"]
[EventDate "2023.09.09"]
[EventType "swiss"]
[EventRounds "9"]
[EventCountry "IND"]
[SourceTitle "EXT 2024"]
[Source "ChessBase"]
[SourceDate "2023.10.10"]
[SourceVersion "1"]
[SourceVersionDate "2023.10.10"]
[SourceQuality "1"]

1. e4 c6 2. d4 d5 3. Nc3 dxe4 4. Nxe4 Nf6 5. Nxf6+ exf6 6. c3 Bd6 7. Bd3 0-0 8. Qc2 Re8+ 9. Ne2 h5 10. 0-0 h4 11. h3 Nd7 12. Bd2 Nf8 13. Rae1 Bc7 14. f4 g6 15. f5 g5 16. Qd1 Nh7 17. a4 Qd6 18. Nf4 Bd7 19. Qg4 c5 20. Nh5 Qh2+ 21. Kf2 Bc6 22. d5 Rxe1 23. Rxe1 Bxd5 24. Nxf6+ Kh8 25. Nxd5 Bg3+ 26. Kf3 Bxe1 27. Bxe1 Re8 28. Bd2 Qg1 29. Ne3 f6 30. b4 Rd8 31. Qc4 Qh2 32. Nf1 Qd6 33. Ke2 Qc6 34. Ne3 Qxa4 35. Qxc5 Qd7 36. Qb5 Qd6 37. Bc1 a6 38. Qc4 Qe5 39. Qc5 Qe8 40. Bc2 Nf8 41. c4 Nd7 42. Qd6 Kg7 43. Qe6 Ne5 44. Qxe8 Rxe8 45. Kf2 Rc8 46. c5 Nc6 47. Bd2 Rd8 48. Bc3 Nd4 49. Bd3 Nc6 50. Be4 Rc8 51. Ng4 Kf7 52. Bd5+ Kf8 53. Bxc6 Rxc6 54. Nxf6 Ke7 55. Ne4 b6 56. cxb6 Rxb6 57. Bd4 Rc6 58. Bc5+ Kf7 59. Kf3 Rc7 60. Nxg5+ Kf6 61. Kf4 Rd7 62. Ne4+ Kf7 63. Bd6 Rb7 64. Ke5 Rb5+ 65. Bc5 1-0

[Event "Asia-ch Rapid U20 Girls"]
[Site "Jamshedpur"]
[Date "2023.09.08"]
[Round "6"]
[White "Swara, Lakshmi S Nair"]
[Black "Marium, Fatima"]
[Result "0-1"]
[WhiteElo "1476"]
[BlackElo "1546"]
[PlyCount "62"]
[EventDate "2023.09.08"]
[EventType "swiss (rapid)"]
[EventRounds "9"]
[EventCountry "IND"]
[SourceTitle "EXT 2024"]
[Source "ChessBase"]
[SourceDate "2023.10.10"]
[SourceVersion "1"]
[SourceVersionDate "2023.10.10"]
[SourceQuality "1"]

1. e4 e6 2. d4 d5 3. Nd2 Nf6 4. e5 Nfd7 5. Bd3 c5 6. c3 b6 7. Ne2 Ba6 8. Bxa6 Nxa6 9. 0-0 Be7 10. f4 b5 11. Qe1 g6 12. Nf3 b4 13. Qg3 Nc7 14. Be3 a5 15. Rad1 Rb8 16. c4 dxc4 17. dxc5 Nd5 18. c6 Nxe3 19. Rxd7 Qb6 20. Rf2 Qxc6 21. Rxe7+ Kxe7 22. Nfd4 Qe4 23. Qg5+ Kd7 24. Rf3 Nd5 25. Kf2 c3 26. bxc3 bxc3 27. f5 gxf5 28. Qh5 Rhf8 29. Qxh7 Rb2 30. Kg3 Qg4+ 31. Kf2 Qxd4+ 0-1

[Event "IND-ch (Women) 48th"]
[Site "Hatkanangale"]
[Date "2023.01.02"]
[Round "8"]
[White "Swara, Lakshmi S Nair"]
[Black "Harini, S."]
[Result "1-0"]
[WhiteElo "1632"]
[BlackElo "1918"]
[PlyCount "125"]
[EventDate "2022.12.26"]
[EventType "swiss"]
[EventRounds "11"]
[EventCountry "IND"]
[SourceTitle "CBM 212 Extra"]
[Source "ChessBase"]
[SourceDate "2023.03.31"]
[SourceVersion "1"]
[SourceVersionDate "2023.03.31"]
[SourceQuality "1"]

1. e4 c5 2. Nf3 d6 3. d4 cxd4 4. Nxd4 Nf6 5. Nc3 a6 6. Bg5 Nbd7 7. f4 Qc7 8. Qf3 g6 9. 0-0-0 Bg7 10. Nd5 Nxd5 11. exd5 Nf6 12. f5 0-0 13. h4 Qa5 14. Bc4 Qc5 15. Bb3 a5 16. a4 Bd7 17. Be3 Qc8 18. g4 h5 19. gxh5 Nxh5 20. Rdg1 Bxf5 21. Nxf5 Qxf5 22. Qxf5 gxf5 23. Rg5 Nf6 24. Rhg1 Ng4 25. Bd4 f6 26. Rxf5 Ne5 27. c3 Kf7 28. Kb1 Rg8 29. Bxe5 dxe5 30. Rh5 Rh8 31. d6+ e6 32. Rxh8 Rxh8 33. d7 Bh6 34. Rd1 Rd8 35. Rd6 Ke7 36. Rxe6+ Kxd7 37. Rxf6 Bf4 38. Bd5 Rh8 39. Bxb7 Rxh4 40. Ra6 Kc7 41. Bd5 Be3 42. Rxa5 Bb6 43. Rb5 Rxa4 44. b4 Ra6 45. Be4 Be3 46. Rxe5 Rf6 47. Bd3 Rf3 48. Kc2 Bh6 49. Rc5+ Kb6 50. Be4 Rf2+ 51. Kb3 Be3 52. Rc6+ Ka7 53. c4 Rf4 54. Bd5 Bd2 55. Ka4 Rf1 56. Kb5 Rb1 57. Rc7+ Kb8 58. Rf7 Kc8 59. Kc5 Rg1 60. Re7 Rb1 61. Kc6 Kb8 62. b5 Rb4 63. Re8+ 1-0

[Event "IND-ch U17 Girls"]
[Site "Bhubaneswar"]
[Date "2022.07.08"]
[Round "10"]
[White "Swara, Lakshmi S Nair"]
[Black "Tejaswini, G."]
[Result "0-1"]
[WhiteElo "1586"]
[BlackElo "1664"]
[PlyCount "92"]
[EventDate "2022.07.01"]
[EventType "swiss"]
[EventRounds "11"]
[EventCountry "IND"]
[SourceTitle "EXT 2023"]
[Source "ChessBase"]
[SourceDate "2022.10.05"]
[SourceVersion "1"]
[SourceVersionDate "2022.10.05"]
[SourceQuality "1"]

1. e4 c5 2. Nf3 d6 3. d4 cxd4 4. Nxd4 Nf6 5. Nc3 a6 6. Bg5 Nbd7 7. f4 Qc7 8. Qf3 b5 9. 0-0-0 Bb7 10. Bd3 g6 11. Bxf6 Nxf6 12. Nd5 Nxd5 13. exd5 Bg7 14. Be4 0-0 15. f5 Qc4 16. Nb3 a5 17. Qd3 Rfc8 18. fxg6 hxg6 19. Qxc4 bxc4 20. Nd4 Rc5 21. Nc6 e6 22. Rhf1 Bxc6 23. dxc6 d5 24. Bf3 Rb8 25. c3 Rxc6 26. h4 Rcb6 27. Rf2 a4 28. a3 Rb3 29. g4 Be5 30. h5 Bg3 31. Re2 Bf4+ 32. Kb1 Rxc3 33. Rf1 g5 34. Ka2 Rcb3 35. Rc2 Be5 36. Rff2 c3 37. bxc3 Bd6 38. Rb2 Rxa3+ 39. Kb1 Rxc3 40. Bd1 a3 41. Rxb8+ Bxb8 42. Bc2 d4 43. Be4 Re3 44. Bc2 d3 45. Ba4 Re1+ 46. Ka2 Re2+ 0-1

[Event "Kolhapur Kulkarni Memorial"]
[Site "Kolhapur"]
[Date "2021.12.05"]
[Round "3"]
[White "Swara, Lakshmi S Nair"]
[Black "Kiran, Panditrao"]
[Result "0-1"]
[WhiteElo "1483"]
[BlackElo "1898"]
[PlyCount "76"]
[EventDate "2021.12.04"]
[EventType "swiss"]
[EventRounds "10"]
[EventCountry "IND"]
[SourceTitle "EXT 2023"]
[Source "ChessBase"]
[SourceDate "2022.10.05"]
[SourceVersion "1"]
[SourceVersionDate "2022.10.05"]
[SourceQuality "1"]

1. e4 c5 2. Nf3 e6 3. d4 cxd4 4. Nxd4 a6 5. Nc3 Qc7 6. f4 b5 7. Bd3 Bb7 8. Be3 d6 9. Qf3 Nf6 10. 0-0-0 Nbd7 11. g4 b4 12. Nce2 Nc5 13. Ng3 Nxd3+ 14. Rxd3 Rc8 15. Rd2 Qc4 16. Kb1 d5 17. e5 Ne4 18. Nxe4 dxe4 19. Qf2 Bd5 20. b3 Qc7 21. Rhd1 Be7 22. f5 0-0 23. f6 Bd8 24. Nf5 gxf6 25. Nd6 Ra8 26. Bh6 fxe5 27. Bxf8 Kxf8 28. Nc4 Bg5 29. Ne3 Bc6 30. h4 Bf4 31. Rd6 Rc8 32. Ng2 Bd5 33. Rxa6 e3 34. Qe2 Bf3 35. Qxf3 Qxc2+ 36. Ka1 e2 37. Re1 Bc1 38. Qxe2 Bb2# 0-1

[Event "Mumbai Wealth U13 op 5th"]
[Site "Mumbai"]
[Date "2020.01.04"]
[Round "6"]
[White "Swara, Lakshmi S Nair"]
[Black "Krishnan, Ritvik"]
[Result "1/2-1/2"]
[WhiteElo "1596"]
[BlackElo "1742"]
[PlyCount "86"]
[EventDate "2019.12.30"]
[EventType "swiss"]
[EventRounds "9"]
[EventCountry "IND"]
[SourceTitle "CBM 194 Extra"]
[Source "ChessBase"]
[SourceDate "2020.03.31"]
[SourceVersion "1"]
[SourceVersionDate "2020.03.31"]
[SourceQuality "1"]

1. e4 c5 2. Nf3 Nc6 3. d4 cxd4 4. Nxd4 Nf6 5. Nc3 e5 6. Ndb5 d6 7. Bg5 a6 8. Na3 b5 9. Bxf6 gxf6 10. Nd5 f5 11. Bd3 Be6 12. c3 Bg7 13. Qh5 0-0 14. exf5 Bxd5 15. f6 e4 16. fxg7 Re8 17. Be2 Re5 18. Qh6 Rg5 19. 0-0 Ne5 20. Kh1 Rg6 21. Qf4 Qe7 22. Nc2 Bb7 23. Rad1 Qe6 24. Nd4 Qf6 25. Qxf6 Rxf6 26. f3 Kxg7 27. Kg1 Rg8 28. fxe4 Bxe4 29. Rxf6 Kxf6 30. Rf1+ Ke7 31. Nf5+ Ke6 32. Nd4+ Ke7 33. Nf5+ Ke6 34. Nd4+ Ke7 35. Nf5+ Ke6 36. Nd4+ Ke7 37. Nf5+ Ke6 38. Nd4+ Ke7 39. Nf5+ Ke6 40. Nd4+ Ke7 41. Nf5+ Ke6 42. Nd4+ Ke7 43. Nf5+ Ke6 1/2-1/2

[Event "Wch U14 Girls"]
[Site "Mumbai"]
[Date "2019.10.12"]
[Round "11"]
[White "Swara, Lakshmi S Nair"]
[Black "Wikar, Martyna"]
[Result "0-1"]
[WhiteElo "1536"]
[BlackElo "1969"]
[PlyCount "156"]
[EventDate "2019.10.02"]
[EventType "swiss"]
[EventRounds "11"]
[EventCountry "IND"]
[SourceTitle "EXT 2020"]
[Source "ChessBase"]
[SourceDate "2019.10.17"]
[SourceVersion "1"]
[SourceVersionDate "2019.10.17"]
[SourceQuality "1"]

1. e4 c5 2. Nf3 d6 3. d4 cxd4 4. Nxd4 Nf6 5. Nc3 a6 6. Bc4 e6 7. 0-0 b5 8. Bb3 Be7 9. f4 0-0 10. Qf3 Qc7 11. a3 Nc6 12. Be3 Bb7 13. Rad1 Rfd8 14. f5 Nxd4 15. Bxd4 e5 16. Be3 Bc6 17. Bg5 Qb6+ 18. Kh1 Rac8 19. Bxf6 Bxf6 20. Bd5 Be8 21. Bb3 Bc6 22. Qh5 Rd7 23. Bd5 Qd8 24. Rf2 h6 25. Bxc6 Rxc6 26. Nd5 Rc4 27. Re2 Kh7 28. c3 a5 29. Re3 Bg5 30. Re2 Bf6 31. Re3 a4 32. Rde1 Bh4 33. Rd1 Bg5 34. Re2 Bf6 35. Rf1 Rb7 36. Rf3 Rd7 37. Rh3 Rb7 38. Re1 Rd7 39. Re2 Rb7 40. Re1 Ra7 41. Rd3 Rb7 42. Qf3 Rd7 43. Red1 Rc5 44. Nb4 Bg5 45. Rd5 Kg8 46. Qd3 Qb6 47. Rxd6 Rxd6 48. Qxd6 Qxd6 49. Rxd6 Rc4 50. Nd3 Rxe4 51. Kg1 Re2 52. Kf1 Rd2 53. Rd5 e4 54. Nb4 Rxb2 55. Rxb5 e3 56. Re5 Rb3 57. h4 Bxh4 58. Rxe3 Rxa3 59. Re8+ Kh7 60. Ra8 Rxc3 61. Rxa4 Rc4 62. Ke2 Be7 63. Ra7 Bxb4 64. Rxf7 Kg8 65. Rb7 Bd6 66. Rb6 Be5 67. Rg6 Bf6 68. g4 Kf7 69. Kf3 Rc3+ 70. Kf2 Ke7 71. Ke2 Kd6 72. Kd2 Ra3 73. Ke2 Ke5 74. Kf1 Ra2 75. Kg1 Kf4 76. Kf1 Ke3 77. Kg1 Kf3 78. Kh1 Kg3 0-1

[Event "Wch U14 Girls"]
[Site "Mumbai"]
[Date "2019.10.10"]
[Round "9"]
[White "Swara, Lakshmi S Nair"]
[Black "Lhotska, Anna"]
[Result "1-0"]
[WhiteElo "1536"]
[BlackElo "1897"]
[PlyCount "61"]
[EventDate "2019.10.02"]
[EventType "swiss"]
[EventRounds "11"]
[EventCountry "IND"]
[SourceTitle "EXT 2020"]
[Source "ChessBase"]
[SourceDate "2019.10.17"]
[SourceVersion "1"]
[SourceVersionDate "2019.10.17"]
[SourceQuality "1"]

1. e4 c5 2. Nf3 d6 3. d4 cxd4 4. Nxd4 Nf6 5. Nc3 a6 6. Bc4 e6 7. 0-0 b5 8. Bb3 Be7 9. f4 0-0 10. f5 b4 11. Na4 e5 12. Ne2 Bb7 13. Ng3 Nbd7 14. Qe1 a5 15. Bg5 h6 16. Bxf6 Nxf6 17. c3 Bc6 18. Rd1 Qd7 19. Ra1 Qd8 20. Rd1 Qd7 21. cxb4 Bxa4 22. bxa5 Bxb3 23. axb3 Qb5 24. b4 Rfb8 25. Rc1 Qxb4 26. Rc8+ Rxc8 27. Qxb4 d5 28. Rc1 Bc5+ 29. Kf1 Bd4 30. Rxc8+ Kh7 31. Rh8+ 1-0